Ends 'AD' per Letter Quiz Stats

 Plays Quiz Updated Jan 20, 2017

     
Support Sporcle.
Go Orange.
Score 0/24 Timer 05:00
0 Plays Today
*AD Word % Correct
Kknead
91.5%
Nnomad
91.2%
Bballad
90.9%
Qquad
89.6%
TTrinidad
88%
OOlympiad
87.3%
IIliad
87.1%
Llead
86.6%
Pplead
85.9%
Rrailroad
78%
Jjihad
76.8%
Uundead
76.7%
*AD Word % Correct
SSinbad
74.9%
GGalahad
71.7%
Aabroad
67.5%
Mmyriad
64.3%
Ccrawdad
62.3%
Ddryad
44.2%
Ffarad
38.8%
HHyderabad
31%
VVolstead
23.3%
Wwoad
16.7%
Yyad
13.8%
Eennead
11.3%

From the Vault

Baby Names: 'N' Boy Names by Decade

by triplet_3

A whole lot of names 'n' stuff.
Remove Ads.
Support Sporcle.
Get the best of Sporcle when you Go Orange. This ad-free experience offers more features, more stats, and more fun while also helping to support Sporcle. Thank you for becoming a member.

Show Comments

Extras

Top Quizzes Today


Score Distribution

Your Account Isn't Verified!

In order to create a playlist on Sporcle, you need to verify the email address you used during registration. Go to your Sporcle Settings to finish the process.

Report this User

Report this user for behavior that violates our Community Guidelines.

Details: